The aided schools handbook /

Uloženo v:
Podrobná bibliografie
Hlavní autor: Tirrell, Leslie Burditt
Médium: Kniha
Jazyk:English
Vydáno: London : Mowbray, 1956.
Témata:
LEADER 00862nam a2200241 a 4500
001 c000170061
003 CARM
005 19901204000000.0
008 901204s1956 enk 000 0 eng d
019 1 |a 7584992  |5 LACONCORD2021 
035 |a (OCoLC)59027034  |5 LACONCORD2021 
040 |a VU  |b eng  |c VU 
043 |a e-uk--- 
082 0 4 |a 377/.8/342  |2 20 
100 1 |a Tirrell, Leslie Burditt. 
245 1 4 |a The aided schools handbook /  |c Leslie B. Tirrell. 
260 |a London :  |b Mowbray,  |c 1956. 
300 |a xii, 89 p. 
650 0 |a Church of England  |x Education. 
650 0 |a School management and organization  |z Great Britain. 
852 8 |b CARM  |h A2:AD37H0  |i A02921  |p 0236058  |f BK 
999 f f |i 0971b5f0-340d-5669-ac03-bd1d85e559cd  |s 17bb46e8-fe9e-56c0-bcc5-ca5d97fa46da 
952 f f |p Can circulate  |a CAVAL  |b CAVAL  |c CAVAL  |d CARM 1 Store  |e A02921  |f A2:AD37H0  |h Other scheme  |i book  |m 0236058